Descida na reta - Statistics

Estatísticas Gerais
  • Esse quiz foi jogado 41 vezes
  • A pontuação média é 4 de 8
Estatísticas das Respostas
Hint Resposta % Correto
7 100kt 20 pol
67%
1 20 pol
67%
3 reduzir suavemente para 12 pol com o aviao ainda nivelado
67%
2 variar 1000ft
67%
6 10% da razao de descida antes iniciar nivelamento
33%
8 ajustar atitude e compensador conforme a aeronave acelera
33%
5 ao atingir 90kt, atitude de descida mantendo velocidade
33%
4 compensar
33%
Nenhum quiz correspondente encontrado
Distribuição das Pontuações
Porcentagem de Pessoas com Cada Pontuação
Percentil de Números Respondidos
Sua Pontuação Histórica
Você não jogou esse quiz